[Event "11th LCC FIDE Open 2019"]
[Site "London"]
[Date "2019.12.02"]
[Round "5.21"]
[White "Walker, Martin G"]
[Black "Bradbury, Neil H"]
[Result "1/2-1/2"]
[WhiteElo "2162"]
[BlackElo "2326"]
[Annotator "TA"]
[PlyCount "103"]
[EventDate "2019.11.29"]
[EventType "swiss"]
[EventCountry "ENG"]
[SourceTitle "playchess.com"]
[Source "ChessBase"]
[SourceQuality "1"]

{[%evp 12,103,28,3,16,0,4,0,0,-1,-2,-15,-14,-30,-27,-35,0,-10,-11,-8,-9,-32,-30,-39,-34,-31,-32,-41,-31,-33,-30,-41,-39,-51,-49,-61,-55,-76,-68,-68,-62,-67,-66,-93,-87,-100,-95,-161,-171,-183,-112,-116,-121,-144,-147,-130,0,-118,0,-119,-96,-72,-60,-98,-18,-43,-41,-47,-61,-34,0,-293,-166,-185,-179,-166,-161,-162,-182,-109,0,-14,-17,-22,-7,0,-18,-18,0,0,0,0,0,0]} 1. e4 c5 2. Nf3 e6 3. d4 cxd4 4. Nxd4 Nc6 5. Nc3 Qc7 6. Nxc6 dxc6 7. Bd3 Nf6 {B47: Sicilian: Taimanov: 5 Nc3 Qc7 6 f4, 6 g3 and 6 Be2} 8. O-O e5 9. Qe2 Bc5 10. Na4 $146 ({Predecessor:} 10. Be3 Bg4 11. f3 Bxe3+ 12. Qxe3 Be6 13. Qc5 Nd7 14. Nb5 O-O-O 15. Nxc7 Nxc5 16. Nxe6 fxe6 {0-1 (44) Popovic,M (2200)-Miladinovic,I (2545) Niksic 2016}) 10... Be7 11. c4 O-O 12. h3 Nd7 13. Be3 Qa5 14. b3 Nc5 15. Nxc5 Bxc5 16. Bd2 Qc7 17. Bc3 Rd8 18. Rad1 Bd4 19. Bxd4 Rxd4 20. Bb1 c5 21. Rxd4 cxd4 22. Rc1 Qc5 23. Qb2 a5 24. a3 Be6 25. Bd3 h6 26. Kf1 Ra6 27. Ra1 Rb6 28. Rb1 Qe7 29. Rd1 (29. Be2 $17) 29... Bd7 $19 30. Rb1 Qg5 (30... Rg6 $19 31. f3 Qg5) 31. Qe2 $17 Rg6 32. Qf3 Rf6 33. Qe2 Rg6 34. Qf3 Rf6 35. Qe2 h5 36. c5 Rg6 37. Qf3 $1 Qd2 (37... Be6 $17) 38. Bc4 $1 $11 Rf6 $36 {[%mdl 2048] Black has some pressure.} 39. Qe2 Qf4 {aiming for ...Qh2.} 40. Kg1 Qh4 {And now ...Bxh3! would win.} 41. Kf1 $2 {[%mdl 8192] [#]} (41. b4 $11) 41... Bg4 (41... Bxh3 $142 $1 {[%mdl 512]} 42. gxh3 Qxh3+ 43. Ke1 Qh1+ 44. Qf1 Qxe4+ {[%mdl 64] Double Attack} 45. Kd2 Qh4) 42. f3 $19 {[#]} Bxf3 $1 {[%mdl 512]} 43. gxf3 {White wants to play Qf2.} Qxh3+ ({Not} 43... Qg3 44. Qg2 $14) 44. Ke1 Rxf3 45. Kd2 {[#]} Rg3 (45... g5 $1 $17 {Hoping for ...Rg3.} 46. Rg1 g4) 46. Rf1 $1 $11 {The position is equal.} Rg2 47. Bxf7+ Kh7 {( -> ...Qe3+)} 48. Rf2 Qc3+ {[%mdl 64] Double Attack} 49. Kd1 {[%cal Re2h5]} Qa1+ 50. Kd2 $1 {[%cal Re2h5]} Qb2+ 51. Kd1 {[%cal Re2h5]} Rg1+ 52. Rf1 {Accuracy: White = 62%, Black = 67%.} 1/2-1/2

[Event "11th LCC FIDE Open 2019"]
[Site "London"]
[Date "2019.12.02"]
[Round "5.22"]
[White "Villiers, Thomas"]
[Black "Paterek, Michal"]
[Result "1/2-1/2"]
[WhiteElo "2145"]
[BlackElo "2317"]
[Annotator "ChessBase"]
[PlyCount "51"]
[EventDate "2019.11.29"]
[EventType "swiss"]
[EventCountry "ENG"]
[SourceTitle "playchess.com"]
[Source "ChessBase"]
[SourceQuality "1"]
[TimeControl "40/5400+30:1800+30"]

1. e4 {[%emt 0:13:39]} c6 {[%emt 0:00:00]} 2. d4 {[%emt 0:00:30]} d5 {[%emt 0:00:00]} 3. Nc3 {[%emt 0:00:08]} dxe4 {[%emt 0:00:06]} 4. Nxe4 {[%emt 0:00:16]} Nf6 {[%emt 0:01:50]} 5. Nxf6+ {[%emt 0:00:14]} gxf6 {[%emt 0:00:04]} 6. Bc4 {[%emt 0:00:33]} Bf5 {[%emt 0:05:33]} 7. Ne2 {[%emt 0:01:34]} Nd7 {[%emt 0:07:11]} 8. Ng3 {[%emt 0:00:24]} Bg6 {[%emt 0:01:56]} 9. O-O {[%emt 0:02:42]} Nb6 {[%emt 0:07:45]} 10. Bb3 {[%emt 0:03:06]} h5 {[%emt 0:08:01]} 11. h4 {[%emt 0:02:24]} Qd7 {[%emt 0:05:29]} 12. f4 {[%emt 0:01:37]} f5 {[%emt 0:03:54]} 13. Be3 {[%emt 0:01:41]} Bg7 {[%emt 0:04:55]} 14. Nh1 {[%emt 0:02:00]} Nd5 {[%emt 0:17:40]} 15. Bc1 {[%emt 0:00:39]} Nf6 {[%emt 0:00:43]} 16. Nf2 {[%emt 0:02:04]} Rd8 {[%emt 0:01:48]} 17. c3 {[%emt 0:02:36]} Ne4 {[%emt 0:01:53]} 18. Nd3 {[%emt 0:01:48]} e6 {[%emt 0:11:00]} 19. Be3 {[%emt 0:01:02]} Qe7 {[%emt 0:00:31]} 20. Qe1 {[%emt 0:00:19]} Bf6 {[%emt 0:02:12]} 21. g3 {[%emt 0:00:17]} Rg8 {[%emt 0:00:19]} 22. Bf2 {[%emt 0:00:47]} b6 {[%emt 0:03:31]} 23. Kh2 {[%emt 0:01:53]} Kf8 {[%emt 0:00:52]} 24. Rd1 {[%emt 0:04:11]} Kg7 {[%emt 0:01:26]} 25. Ne5 {[%emt 0:00:29]} Qc7 {[%emt 0:01:33]} 26. Qe2 {[%emt 0:00:57]} 1/2-1/2

[Event "11th LCC FIDE Open 2019"]
[Site "London"]
[Date "2019.12.02"]
[Round "5.23"]
[White "Sowray, Peter J"]
[Black "Sedykh, Mikhail"]
[Result "1/2-1/2"]
[WhiteElo "2316"]
[BlackElo "2134"]
[Annotator "TA"]
[PlyCount "101"]
[EventDate "2019.11.29"]
[EventType "swiss"]
[EventCountry "ENG"]
[SourceTitle "playchess.com"]
[Source "ChessBase"]
[SourceQuality "1"]

{[%evp 17,101,22,20,22,24,20,21,23,40,33,39,39,40,37,72,78,79,74,62,43,45,27,229,229,211,205,336,241,283,49,18,10,3,10,20,0,0,0,14,18,15,8,34,28,79,72,90,87,89,83,102,43,38,15,14,0,16,11,12,0,56,15,8,4,10,13,23,23,105,0,0,0,0,0,0,0,0,0,0,0,0,0,0,0,0,0]} 1. d4 d5 2. c4 e6 3. Nc3 Nf6 4. cxd5 exd5 5. Bg5 c6 6. Qc2 Nbd7 7. e3 Be7 8. Bd3 h6 9. Bh4 Nh5 10. Bxe7 {D36: Queen's Gambit Declined: Exchange Variation: Main line (5 Bg5 c6 6 Qc2)} Qxe7 11. O-O-O Nb6 12. Nf3 Bg4 13. Kb1 {[#]} Bxf3 $146 ({Predecessor:} 13... Nf6 14. Rc1 Nfd7 15. Ka1 O-O-O 16. Nd2 Kb8 17. Na4 Nxa4 18. Qxa4 {½-½ (64) Aronian,L (2777)-Carlsen,M (2865) Baden-Baden 2015}) 14. gxf3 O-O-O 15. Rc1 Qb4 16. a3 {[%cal Ba2a3,Ba3a4,Ba4a5][%mdl 32]} Qe7 17. Qb3 Qf6 18. Rc2 Qxf3 19. Rhc1 Nf6 $2 {[#]} (19... Nf4 $11 {and Black has nothing to worry.} 20. Nb5 Kb8 21. Nxa7 Kxa7 22. exf4 Qxf4 {[%mdl 64] Double Attack}) 20. a4 $1 $18 {[%mdl 1024] White has strong compensation.} Nc4 {[#]} 21. a5 $1 ({Weaker is} 21. Bxc4 dxc4 22. Qxc4 Qh5 $11) 21... a6 (21... Nxa5 $142 22. Qa4 Nc4) 22. Na4 Ne4 23. Nb6+ $2 (23. Qb4 $18) 23... Kb8 $1 $14 24. Nxc4 dxc4 25. Bxc4 Qf5 {...Nd2+ is the strong threat.} 26. Qb4 $40 {[%mdl 128] aiming for Bd3. White mounts an attack.} ({Don't go for} 26. Bxa6 $2 Nd2+ 27. Ka2 Nxb3 $19) 26... c5 27. dxc5 $1 Qxc5 28. Qxc5 Nxc5 29. Bxf7 Nd3 (29... Rhf8 $5 {[%cal Rc5d3]}) 30. Rd1 Nb4 (30... g5 $11) 31. Rcd2 $16 Rxd2 32. Rxd2 {[%mdl 4096] Endgame KRB-KRN} Rf8 33. Rd7 g5 34. f3 (34. f4 $16) 34... Nc6 $14 {Hoping for ...Ne5.} 35. Bd5 Nxa5 36. Rh7 Rf6 37. Kc2 Nc6 {And now ...Nb4+ would win.} 38. Kc3 Ne5 ({Better is} 38... b5 $11) 39. Bxb7 Nxf3 40. h3 Ng1 41. Bg2 Re6 42. Kd4 Rb6 (42... Ne2+ $1 $11 43. Kd3 Nc1+ 44. Kc2 Ne2) 43. Bf1 ({White should play} 43. Kc5 $16 Rxb2 44. Bd5) 43... Rf6 $11 {The position is equal.} 44. Bc4 Nxh3 45. Ke5 Rb6 46. b3 g4 47. Rh8+ Kc7 48. Rh7+ Kd8 49. Rh8+ Ke7 50. Rh7+ Kd8 51. Rh8+ {Accuracy: White = 57%, Black = 47%.} 1/2-1/2

[Event "11th LCC FIDE Open 2019"]
[Site "London"]
[Date "2019.12.02"]
[Round "5.24"]
[White "Stanisz, Patryk"]
[Black "Zapolskis, Antanas"]
[Result "0-1"]
[WhiteElo "2139"]
[BlackElo "2280"]
[Annotator "ChessBase"]
[PlyCount "62"]
[EventDate "2019.11.29"]
[EventType "swiss"]
[EventCountry "ENG"]
[SourceTitle "playchess.com"]
[Source "ChessBase"]
[SourceQuality "1"]
[TimeControl "40/5400+30:1800+30"]

1. d4 {[%emt 0:01:27]} b5 {[%emt 0:17:35]} 2. Nf3 {[%emt 0:00:16]} Nf6 {[%emt 0:00:19]} 3. Bg5 {[%emt 0:00:21]} Ne4 {[%emt 0:00:51]} 4. Bh4 {[%emt 0:00:50]} Bb7 {[%emt 0:00:15]} 5. Nbd2 {[%emt 0:11:59]} d5 {[%emt 0:11:39]} 6. e3 {[%emt 0:02:41]} a6 {[%emt 0:00:09]} 7. Nxe4 {[%emt 0:07:38]} dxe4 {[%emt 0:00:10]} 8. Nd2 {[%emt 0:00:09]} g6 {[%emt 0:16:30]} 9. c4 {[%emt 0:05:14]} Bg7 {[%emt 0:00:19]} 10. cxb5 {[%emt 0:01:12]} O-O {[%emt 0:00:10]} 11. bxa6 {[%emt 0:02:33]} Nxa6 {[%emt 0:00:08]} 12. Qb3 {[%emt 0:08:28]} Bd5 {[%emt 0:06:11]} 13. Qa3 {[%emt 0:00:45]} c5 {[%emt 0:01:27]} 14. Bxa6 {[%emt 0:08:23]} Qd6 {[%emt 0:10:50]} 15. Rc1 {[%emt 0:24:28]} g5 {[%emt 0:11:19]} 16. Bxg5 {[%emt 0:02:29]} Qg6 {[%emt 0:00:50]} 17. Bxe7 {[%emt 0:03:45]} Rxa6 {[%emt 0:06:03]} 18. Qc3 {[%emt 0:02:14]} cxd4 {[%emt 0:00:00]} 19. exd4 {[%emt 0:05:06]} Rc6 20. Bc5 {[%emt 0:00:38]} Qxg2 21. Rf1 {[%emt 0:02:21]} Re8 {[%emt 0:05:45]} 22. Kd1 {[%emt 0:04:59]} Qg4+ 23. f3 {[%emt 0:00:24]} exf3 24. b4 {[%emt 0:02:39]} Rce6 25. Kc2 {[%emt 0:03:21]} Re3 {[%emt 0:00:00]} 26. Qa1 {[%emt 0:00:00]} Qf5+ 27. Kb2 {[%emt 0:00:00]} Qd3 28. Rc2 Bxd4+ {[%emt 0:00:38]} 29. Bxd4 {[%emt 0:00:00]} Qxd4+ {[%emt 0:00:12]} 30. Kb1 {[%emt 0:00:00]} Re1+ {[%emt 0:00:35]} 31. Rc1 {[%emt 0:00:00]} Qd3+ {[%emt 0:00:07]} 0-1

[Event "11th LCC FIDE Open 2019"]
[Site "London"]
[Date "2019.12.02"]
[Round "5.25"]
[White "Stoyanov, Viktor"]
[Black "Willmoth, Robert F"]
[Result "1-0"]
[WhiteElo "2272"]
[BlackElo "2108"]
[Annotator "ChessBase"]
[PlyCount "101"]
[EventDate "2019.11.29"]
[EventType "swiss"]
[EventCountry "ENG"]
[SourceTitle "playchess.com"]
[Source "ChessBase"]
[SourceQuality "1"]
[TimeControl "40/5400+30:1800+30"]

1. e4 {[%emt 0:00:00]} d6 {[%emt 0:00:12]} 2. d4 {[%emt 0:00:00]} Nf6 {[%emt 0:00:03]} 3. Nc3 {[%emt 0:00:00]} g6 {[%emt 0:00:04]} 4. Be3 {[%emt 0:00:03]} c6 {[%emt 0:00:08]} 5. h3 {[%emt 0:00:05]} Bg7 {[%emt 0:00:14]} 6. f4 {[%emt 0:01:29]} d5 {[%emt 0:02:42]} 7. e5 {[%emt 0:03:19]} Ne4 {[%emt 0:01:18]} 8. Nxe4 {[%emt 0:06:25]} dxe4 {[%emt 0:00:02]} 9. Ne2 {[%emt 0:05:46]} Qb6 {[%emt 0:00:28]} 10. Qc1 {[%emt 0:01:30]} O-O {[%emt 0:07:09]} 11. Nc3 {[%emt 0:00:29]} f5 {[%emt 0:03:04]} 12. Bc4+ {[%emt 0:03:15]} Kh8 {[%emt 0:00:13]} 13. h4 {[%emt 0:01:32]} h6 {[%emt 0:06:16]} 14. Bb3 {[%emt 0:09:22]} a5 {[%emt 0:06:37]} 15. a3 {[%emt 0:04:32]} Bd7 {[%emt 0:03:45]} 16. Qd2 {[%emt 0:04:19]} Qc7 {[%emt 0:01:09]} 17. h5 {[%emt 0:04:52]} gxh5 {[%emt 0:01:35]} 18. Rxh5 {[%emt 0:01:11]} e6 {[%emt 0:03:31]} 19. g3 {[%emt 0:13:14]} c5 {[%emt 0:06:57]} 20. dxc5 {[%emt 0:01:20]} Na6 {[%emt 0:02:44]} 21. Qd6 {[%emt 0:06:10]} Rf7 {[%emt 0:06:59]} 22. Qxc7 {[%emt 0:00:57]} Nxc7 {[%emt 0:00:04]} 23. O-O-O {[%emt 0:00:40]} a4 {[%emt 0:01:28]} 24. Bc4 {[%emt 0:00:47]} Bc6 {[%emt 0:06:13]} 25. Rg1 {[%emt 0:02:32]} Rg8 {[%emt 0:01:49]} 26. g4 {[%emt 0:00:54]} fxg4 {[%emt 0:05:51]} 27. Rxg4 {[%emt 0:00:08]} Rgf8 {[%emt 0:00:25]} 28. b4 {[%emt 0:06:12]} axb3 {[%emt 0:00:57]} 29. cxb3 {[%emt 0:00:07]} Rd8 {[%emt 0:03:01]} 30. Rh2 {[%emt 0:01:23]} Kh7 {[%emt 0:03:54]} 31. Rd2 {[%emt 0:01:55]} Rxd2 {[%emt 0:00:29]} 32. Kxd2 {[%emt 0:00:09]} h5 {[%emt 0:00:10]} 33. Rg5 {[%emt 0:00:34]} Rf5 {[%emt 0:00:22]} 34. Rxf5 {[%emt 0:00:45]} exf5 {[%emt 0:00:02]} 35. Ke1 {[%emt 0:00:32]} Bd7 {[%emt 0:01:31]} 36. b4 {[%emt 0:00:32]} Bf8 {[%emt 0:01:34]} 37. Kf2 {[%emt 0:01:41]} Kg6 {[%emt 0:00:16]} 38. a4 {[%emt 0:03:44]} Be6 {[%emt 0:00:44]} 39. Bxe6 {[%emt 0:01:25]} Nxe6 {[%emt 0:00:02]} 40. Nd5 {[%emt 0:00:17]} Kf7 {[%emt 0:00:36]} 41. Kg3 {[%emt 0:30:19]} Ke8 {[%emt 0:32:28]} 42. Kh4 {[%emt 0:01:31]} Kd7 {[%emt 0:00:44]} 43. Kxh5 {[%emt 0:00:44]} Kc6 {[%emt 0:00:31]} 44. Nc3 {[%emt 0:00:28]} b6 {[%emt 0:01:14]} 45. b5+ {[%emt 0:00:09]} Kb7 {[%emt 0:00:18]} 46. cxb6 {[%emt 0:01:27]} Bc5 {[%emt 0:01:16]} 47. Bxc5 {[%emt 0:00:32]} Nxc5 {[%emt 0:02:10]} 48. Kg5 {[%emt 0:00:28]} e3 {[%emt 0:00:21]} 49. Kxf5 {[%emt 0:00:07]} Nxa4 {[%emt 0:00:16]} 50. Nxa4 {[%emt 0:00:07]} e2 {[%emt 0:00:05]} 51. Nc5+ {[%emt 0:00:20]} 1-0

[Event "11th LCC FIDE Open 2019"]
[Site "London"]
[Date "2019.12.02"]
[Round "5.26"]
[White "Semprun Martinez, Fernando"]
[Black "McClement, Andrew"]
[Result "1/2-1/2"]
[WhiteElo "2071"]
[BlackElo "2226"]
[Annotator "RC"]
[PlyCount "80"]
[EventDate "2019.11.29"]
[EventType "swiss"]
[EventCountry "ENG"]
[SourceTitle "playchess.com"]
[Source "ChessBase"]
[SourceQuality "1"]
[TimeControl "40/5400+30:1800+30"]

1. e4 {[%emt 0:00:00]} c5 {[%emt 0:00:00]} 2. Nf3 {[%emt 0:00:00]} d6 {[%emt 0:00:00]} 3. d4 {[%emt 0:00:00]} cxd4 {[%emt 0:00:00]} 4. Nxd4 {[%emt 0:00:00]} Nf6 {[%emt 0:00:00]} 5. Nc3 {[%emt 0:00:00]} e6 {[%emt 0:00:00]} 6. g4 {[%emt 0:00:08]} h6 {[%emt 0:00:00]} 7. h4 {[%emt 0:00:20]} Nc6 {[%emt 0:00:00]} 8. Rg1 {[%emt 0:00:02]} d5 {[%emt 0:00:08]} 9. exd5 {[%emt 0:00:15]} Nxd5 {[%emt 0:00:13]} 10. Nxd5 {[%emt 0:00:16]} Qxd5 {[%emt 0:42:24]} 11. Bg2 {[%emt 0:00:22]} Qa5+ {[%emt 0:01:03]} 12. Bd2 {[%emt 0:00:06]} Qe5+ {[%emt 0:00:17]} 13. Be3 {[%emt 0:00:01]} Bd7 {[%emt 0:05:53]} 14. Nxc6 {[%emt 0:02:09]} Bxc6 {[%emt 0:00:08]} 15. Bxc6+ {[%emt 0:00:15]} bxc6 {[%emt 0:00:02]} 16. Qd4 {[%emt 0:00:52]} Qxd4 {[%emt 0:06:09]} 17. Bxd4 {[%emt 0:00:03]} c5 {[%emt 0:00:21]} 18. Bc3 {[%emt 0:00:01]} O-O-O {[%emt 0:00:19]} 19. Ke2 {[%emt 0:05:00]} f6 {[%emt 0:14:13]} 20. Rad1 {[%emt 0:04:38]} Be7 {[%emt 0:06:56]} 21. Rxd8+ {[%emt 0:04:25]} Rxd8 {[%emt 0:00:03]} 22. h5 {[%emt 0:06:18]} Kb7 {[%emt 0:01:35]} 23. Rg3 {[%emt 0:01:46]} Kc6 {[%emt 0:01:35]} 24. Re3 {[%emt 0:01:27]} Rd6 {[%emt 0:00:02]} 25. f4 {[%emt 0:14:20]} Bd8 {[%emt 0:02:22]} 26. Kf3 {[%emt 0:04:35]} Be7 {[%emt 0:06:35]} 27. Re2 {[%emt 0:06:35]} Kd7 {[%emt 0:05:08]} 28. Ke4 {[%emt 0:19:56]} Rd1 {[%emt 0:00:58]} 29. Rd2+ {[%emt 0:00:16]} Rxd2 {[%emt 0:00:02]} 30. Bxd2 {[%emt 0:00:06]} Kc6 {[%emt 0:00:40]} 31. c4 {[%emt 0:00:44]} Bd6 {[%emt 0:00:28]} 32. Bc3 {[%emt 0:02:15]} Bf8 {[%emt 0:00:27]} 33. a3 {[%emt 0:02:30]} a6 {[%emt 0:00:10]} 34. b4 {[%emt 0:03:46]} Bd6 {[%emt 0:02:35]} 35. Bd2 {[%emt 0:11:58]} Be7 {[%emt 0:00:15]} 36. Bc3 {[%emt 0:04:17]} Bd6 {[%emt 0:00:09]} 37. Bd2 {[%emt 0:00:57]} Be7 {[%emt 0:00:02]} 38. f5 {[%emt 0:04:08]} e5 {[%emt 0:01:55]} 39. Be1 {[%emt 0:01:14]} Bf8 {[%emt 0:01:00]} 40. Bc3 {[%emt 0:00:23]} Be7 {[%emt 0:01:19]} 1/2-1/2

[Event "11th LCC FIDE Open 2019"]
[Site "London"]
[Date "2019.12.02"]
[Round "5.27"]
[White "Hill, Alistair"]
[Black "Seymour, Timothy P"]
[Result "0-1"]
[WhiteElo "2193"]
[BlackElo "2107"]
[Annotator "TA"]
[PlyCount "124"]
[EventDate "2019.11.29"]
[EventType "swiss"]
[EventCountry "ENG"]
[SourceTitle "playchess.com"]
[Source "ChessBase"]
[SourceQuality "1"]

{[%evp 16,124,0,2,9,8,4,-31,-14,-47,-18,-75,-60,-66,43,-81,-86,-89,-79,-85,-75,-100,-84,-88,-98,-127,-127,-126,-121,-126,-103,-117,-81,-116,-68,-85,-85,-110,-14,-14,-20,-19,-19,-19,-19,-19,-23,-65,-60,-83,-75,-308,-324,-309,-318,-314,-306,-320,-280,-280,-273,-266,-273,-266,-125,-125,-125,-168,-168,-258,-257,-395,-400,-797,-383,-783,-777,-1197,0,-8,0,-818,-741,-1338,-1283,-1197,-1169,-1041,-984,-1688,-1513,-1801,-1584,-1879,-1694,-29971,-29951,-29975,-29974,-29971,-29972,-29977,-6601,-29979,-29979,-29979,-29980,-29992,-29993,-29994,-29995]} 1. Nf3 d5 2. g3 c6 3. Bg2 Bg4 4. O-O e6 5. d3 Bd6 6. Nbd2 Nd7 7. e4 Ne7 8. b3 O-O 9. Bb2 e5 {A07: Réti Opening: New York and Capablanca Systems} (9... a5 10. a4 Be5 11. d4 Bd6 12. Re1 b5 13. Qc1 bxa4 14. Rxa4 Nb6 15. Ra1 Bxf3 16. Nxf3 a4 17. Ne5 {1-0 (49) Pantsulaia,L (2605)-Quesada Perez,Y (2627) chess.com INT 2018}) 10. h3 Bh5 11. Qe1 Re8 {Black is slightly better.} 12. Nh4 Qc7 13. Kh1 {[#]} (13. exd5 $1 $11 cxd5 14. Rc1) 13... a5 $146 ({Predecessor:} 13... f6) 14. a4 Nc5 (14... f6 $15) 15. Ndf3 (15. f4 $14 {stays ahead.} f6 16. fxe5 Bxe5 17. Bxe5 Qxe5 18. exd5) 15... f6 $17 16. Nh2 b5 17. axb5 cxb5 18. exd5 Bf7 19. Ng4 Bxd5 20. Ne3 Bxg2+ 21. Kxg2 Ne6 22. Qd1 Bb4 23. Qg4 Qc6+ 24. Kg1 Nd5 25. Nxd5 Qxd5 26. Rfd1 Nd4 (26... Qc6 $17 27. c4 Rad8) 27. c4 Qe6 $36 {[%mdl 2048] Hoping for ...Qxg4. Black is more active.} 28. Bxd4 Qxg4 29. hxg4 exd4 30. cxb5 Rab8 31. Nf5 Red8 32. Rac1 g6 33. Nh6+ $2 (33. Nh4 $17) 33... Kg7 $19 34. g5 {aiming for Rc7+.} fxg5 35. Ng4 Bc3 (35... Rxb5 36. Rc7+ Kf8 37. Rxh7 $11) 36. Rc2 Re8 37. Ne3 Rxb5 ({Not} 37... dxe3 38. Rxc3 Rxb5 39. fxe3 $17) 38. Nc4 {intending Nd6.} Rxb3 39. Ra2 Re1+ (39... Ra8 $19 {has better winning chances.} 40. Ra4 g4) 40. Rxe1 $17 Bxe1 {[%mdl 4096] Endgame KRB-KRN} 41. Kf1 Rb1 42. Ke2 (42. Na3 {was necessary.} Rc1 43. Nc4) 42... Bc3 $19 43. Nxa5 (43. Ra3 $142) 43... g4 {[%csl Gc3][%cal Rb1e1]} 44. f3 (44. f4 $142 Be1 45. Nc6 Bxg3 46. Ra7+ Kh6 47. Ne5 Rb2+ 48. Kf1 Bxf4 49. Nxg4+ Kg5 50. Nf2) 44... Bxa5 (44... Rh1 $142 {Threatens to win with ...Rh2+.} 45. Ra4 Bxa5 46. Rxa5 Rh2+ 47. Kf1 gxf3) 45. Rxa5 {KR-KR} Rb2+ 46. Ke1 Rb1+ $2 (46... gxf3 $19 {...h5 is the strong threat.} 47. Ra7+ Kh6) 47. Kf2 Rb2+ $2 {[%mdl 8192]} (47... Rb3 $11 48. fxg4 Rxd3) 48. Ke1 $1 gxf3 49. Ra4 Rg2 50. Rxd4 Rxg3 51. Kf2 Rh3 52. Re4 g5 53. d4 h5 54. d5 g4 55. d6 Rh2+ 56. Ke1 Rh1+ 57. Kf2 Rd1 58. Re6 Kf7 (58... Rd2+ $142 59. Ke1 f2+ 60. Kxd2 f1=Q 61. d7 Qf4+ 62. Re3 Qh2+ 63. Ke1 Qd6 64. Ke2 Qxd7 65. Rd3 {[#]} Qb5 $1 {[%mdl 512]} 66. Ke3 g3 67. Rc3 Qe5+ 68. Kd2 Qxc3+ $1 {[%mdl 576] Promotion} 69. Kxc3 g2 70. Kd4 g1=Q+ 71. Ke4 h4 72. Ke5 h3 73. Ke4 h2 74. Ke5 h1=Q 75. Kd6 Qb6+ 76. Ke7 Qf6+ 77. Ke8 Qhc6#) 59. Rh6 Rd2+ {Black mates.} 60. Ke1 f2+ 61. Kf1 g3 62. Rxh5 Rd1+ {Accuracy: White = 26%, Black = 55%.} 0-1

[Event "11th LCC FIDE Open 2019"]
[Site "London"]
[Date "2019.12.02"]
[Round "5.28"]
[White "Russell, Christopher"]
[Black "Marusenko, Petr"]
[Result "1-0"]
[WhiteElo "2190"]
[BlackElo "2085"]
[Annotator "ChessBase"]
[PlyCount "59"]
[EventDate "2019.11.29"]
[EventType "swiss"]
[EventCountry "ENG"]
[SourceTitle "playchess.com"]
[Source "ChessBase"]
[SourceQuality "1"]
[TimeControl "40/5400+30:1800+30"]

1. e4 {[%emt 0:00:00]} c6 {[%emt 0:00:00]} 2. d4 {[%emt 0:00:00]} d5 {[%emt 0:00:00]} 3. Nc3 {[%emt 0:00:00]} dxe4 {[%emt 0:00:00]} 4. Nxe4 {[%emt 0:00:00]} Bf5 {[%emt 0:00:00]} 5. Ng3 {[%emt 0:00:00]} Bg6 {[%emt 0:00:00]} 6. Nh3 {[%emt 0:00:00]} e6 {[%emt 0:00:00]} 7. Nf4 {[%emt 0:02:56]} Bd6 {[%emt 0:00:07]} 8. Ngh5 {[%emt 0:14:04]} Nf6 {[%emt 0:13:21]} 9. Nxg7+ {[%emt 0:13:21]} Kd7 {[%emt 0:01:56]} 10. Be2 {[%emt 0:03:29]} Bxf4 {[%emt 0:48:48]} 11. Bxf4 {[%emt 0:00:51]} Rg8 {[%emt 0:00:02]} 12. Bh6 {[%emt 0:07:35]} Ne4 {[%emt 0:11:31]} 13. Nh5 {[%emt 0:15:52]} Bxh5 {[%emt 0:18:41]} 14. Bxh5 {[%emt 0:00:27]} Qh4 {[%emt 0:00:12]} 15. Qf3 {[%emt 0:08:44]} f5 {[%emt 0:00:08]} 16. Bf7 {[%emt 0:09:44]} Rd8 {[%emt 0:02:36]} 17. Bf4 {[%emt 0:04:00]} Rf8 {[%emt 0:00:09]} 18. g3 {[%emt 0:02:01]} Qh3 {[%emt 0:00:36]} 19. Bxe6+ {[%emt 0:01:49]} Kxe6 {[%emt 0:00:03]} 20. Qb3+ {[%emt 0:00:07]} Ke7 {[%emt 0:00:16]} 21. Qb4+ {[%emt 0:03:48]} c5 {[%emt 0:01:33]} 22. dxc5 {[%emt 0:00:55]} Nd7 {[%emt 0:00:10]} 23. O-O-O {[%emt 0:00:59]} a5 {[%emt 0:00:27]} 24. Qxb7 {[%emt 0:02:49]} Nexc5 {[%emt 0:00:20]} 25. Bd6+ {[%emt 0:01:47]} Kf6 {[%emt 0:00:05]} 26. Bxc5 {[%emt 0:02:23]} Nxc5 {[%emt 0:00:10]} 27. Rd6+ {[%emt 0:01:43]} Ne6 {[%emt 0:00:04]} 28. Rxe6+ {[%emt 0:01:41]} Kxe6 {[%emt 0:00:06]} 29. Re1+ {[%emt 0:00:03]} Kf6 {[%emt 0:00:21]} 30. Qe7+ {[%emt 0:00:42]} 1-0

[Event "11th LCC FIDE Open 2019"]
[Site "London"]
[Date "2019.12.02"]
[Round "5.29"]
[White "Royal, Shreyas"]
[Black "Smith, Andrew P"]
[Result "1/2-1/2"]
[WhiteElo "1941"]
[BlackElo "2172"]
[Annotator "ChessBase"]
[PlyCount "38"]
[EventDate "2019.11.29"]
[EventType "swiss"]
[EventCountry "ENG"]
[SourceTitle "playchess.com"]
[Source "ChessBase"]
[SourceQuality "1"]
[TimeControl "40/5400+30:1800+30"]

1. d4 {[%emt 0:00:00]} Nf6 {[%emt 0:02:50]} 2. c4 {[%emt 0:00:36]} c5 {[%emt 0:00:22]} 3. d5 {[%emt 0:01:46]} e6 {[%emt 0:00:31]} 4. Nc3 {[%emt 0:01:42]} exd5 {[%emt 0:00:33]} 5. cxd5 {[%emt 0:00:12]} d6 {[%emt 0:00:05]} 6. Nf3 {[%emt 0:02:40]} g6 {[%emt 0:00:09]} 7. Bf4 {[%emt 0:00:55]} a6 {[%emt 0:00:51]} 8. a4 {[%emt 0:00:05]} Bg7 {[%emt 0:00:59]} 9. h3 {[%emt 0:03:15]} O-O {[%emt 0:00:42]} 10. e3 {[%emt 0:01:24]} Qe7 {[%emt 0:17:31]} 11. Be2 {[%emt 0:06:12]} Nbd7 {[%emt 0:03:51]} 12. O-O {[%emt 0:01:58]} Nh5 {[%emt 0:06:41]} 13. Bh2 {[%emt 0:05:37]} f5 {[%emt 0:00:26]} 14. Re1 {[%emt 0:08:24]} Nhf6 {[%emt 0:05:57]} 15. Qc2 {[%emt 0:02:32]} Rb8 {[%emt 0:17:43]} 16. Rad1 {[%emt 0:13:00]} Re8 {[%emt 0:07:34]} 17. Bf4 {[%emt 0:09:46]} Qf8 {[%emt 0:04:58]} 18. Bh2 {[%emt 0:02:11]} Kh8 {[%emt 0:00:58]} 19. Bg3 {[%emt 0:01:53]} Nh5 {[%emt 0:07:14]} 1/2-1/2